000 00331nam a2200145Ia 4500
008 140316s9999 xx 000 0 und d
020 _a0 85198 529 7
082 _a633 .32
_bBAK/WH
100 _a
245 _aWhite clover
260 _aUK
_bCAB international
_c1987
300 _a534
700 _aBaker,M J
942 _2ddc
_cREF
999 _c17772
_d17772